000 00344cam a22001217a 4500
008 180718b1891 xxu||||| |||| 00| 0 eng d
082 _aA6x4 L394
100 _aLavisse, Ernest
245 _aGeneral view of the political history of Europe
_cby Ernest Lavisse
260 _aLondon
_bLongmans
_c1891
300 _a188p.
650 _aEurope - History
999 _c371646
_d371646